Czy znasz zdobywców złotego buta w XXI wieku? - Statystyki

Ogólne statystyki
  • Ten quiz został rozwiązany 320 razy
  • Średni wynik to 7 z 20
Statystyki odpowiedzi
Rok Piłkarz % Poprawnych
2018/19 Lionel Messi
85%
2016/17 Lionel Messi
78%
2017/18 Lionel Messi
78%
2014/15 Cristiano Ronaldo
68%
2011/12 Lionel Messi
60%
2012/13 Lionel Messi
59%
2010/11 Cristiano ronaldo
53%
2015/16 Luis Suarez
50%
2009/10 Lionel Messi
47%
2007/08 Cristiano ronaldo
34%
2003/04 Thierry Henry
12%
2008/09 Diego Forlan
8%
1999/00 Kevin Phillips
4%
2005/06 Luca Toni
4%
2006/07 Francesco Totti
3%
2000/01 Henrik Larsson
3%
2001/02 Mario Jardel
3%
2002/03 Roy Makaay
3%
2013/14 Cristiano Ronaldo Luis Suarez
1%
2004/05 Thierry Henry Diego Forlan
0%
Nie znaleziono quizów pasujących do podanych kryteriów
Rozkład punktacji
Procent ludzi z każdym wynikiem
Percentyl według liczby udzielonych odpowiedzi
Twoja historia wyników
Nie rozwiązałeś tego quizu